Największe miasta w Serbii - Statystyki

Ogólne statystyki
  • Ten quiz został rozwiązany 215 razy
  • Średni wynik to 3 z 9
Statystyki odpowiedzi
Liczba ludności Miasta % Poprawnych
659 000 Belgrad
100%
341 000 Nowy Sad
84%
260 000 Nisz
56%
141 000 Subotica
35%
175 000 Kragujevac
22%
123 000 Zrenjanin
17%
144 000 Leskovac
13%
123 000 Pančevo
10%
128 000 Kruševac
6%
Nie znaleziono quizów pasujących do podanych kryteriów
Rozkład punktacji
Procent ludzi z każdym wynikiem
Percentyl według liczby udzielonych odpowiedzi
Twoja historia wyników
Nie rozwiązałeś tego quizu